00717nam a2200217Ia 4500003000400000005001700004008004100021020001500062040001800077041000800095082002100103100002900124245005500153250001200208260003900220300002400259650001900283942003400302999001900336952014400355OSt20250110103539.0210716s1976 xx 000 0 und d a0449232913 cAIMIT LIBRARY aeng a808.83 21bKEMH aKemelman, Harry.9192955 aWednessday the rabbi got wet /cBy Harry Kemelman. a1st ed. aNew York :bFawcett Books ;c1976. a288p. ;bPBc18 cm. aNovels9192956 2ddccBKe1st ed.k808.83 KEMH c200275d200275 00102ddc40708MBAaAIMITbAIMITd2021-07-16iBill no:; Bill dt:1900-01-00l0o808.83 KEMHpMBA02840r2026-05-23 00:00:00w2021-07-16yBK